000 00504nam a2200181Ia 4500
008 090123s9999 xx 000 0 und d
082 _b13319
_a923.254/माने
100 _aमाने लक्ष्मण
245 _aउपरा
250 _a1
260 _bगांगल दि.दा.
_c1978
300 _a394
600 _aमाने लक्ष्मण
630 _aउपरा
700 _aमाने लक्ष्मण
730 _aउपरा
942 _cBOOK
999 _c51381
_d51381